Doplnková dôchodková poisťovňa výročná správa 1998
Saved in:
| Format: | Book |
|---|---|
| Language: | Slovak |
| Published: |
Košice
DDP STABILITA
1998
|
| Subjects: | |
| Tags: |
No Tags, Be the first to tag this record!
|
MARC
| LEADER | 00000nam a2200000 4500 | ||
|---|---|---|---|
| 001 | c116457 | ||
| 005 | 20221109093341.3 | ||
| 041 | 0 | |a slo | |
| 044 | |a SK | ||
| 245 | 1 | 0 | |a Doplnková dôchodková poisťovňa |b výročná správa 1998 |
| 264 | 1 | |a Košice |b DDP STABILITA |c 1998 | |
| 300 | |a 11 s. | ||
| 610 | 2 | 0 | |a poisťovníctvo |
| 610 | 2 | 0 | |a poisťovne |
| 610 | 2 | 0 | |a poistenie dôchodkové |
| 610 | 2 | 0 | |a výsledok hospodársky |
| 610 | 2 | 0 | |a revízia účtovná |